000 00708nam a2200229Ia 4500
005 20250521135957.0
008 210303s9999 xx 000 0 und d
016 _2reto2022b
040 _aNLN
_bEnglish
_eAACR2
050 _aDK106
_b.G842
082 _a947.043
100 _aGREY, Ian
_d1918
_eaut
_939554
245 0 _aIvan, the terrible /
_cIan Grey
260 _aLondon :
_bHodder & Stoughton,
_c1964
300 _a256p. :
_bill., maps, ports. ; 23cm
500 _aBibliography : p. 247-249
563 _a(pbk)
650 _aIvan IV, Czar of Russia, 1530-1584.
_956341
650 _aRussia
_vKings and rulers
_xBiography.
_965175
650 _aRussia
_vHistory
_xIvan IV, 1533-1584
_965176
942 _cBK
999 _c19552
_d19552